000
00232nam a2200097Ia 4500
001
682924
005
20250826161428.0
008
250824s9999 xx 000 0 und d
245
0
_a
MİHMANDAR
_c
İSKENDER PALA
260
_b
KAPI YAYINLARI
999
_c
682924
_d
682924